[Event "ESP-ch Amateurs U2000"]
[Site "Murcia"]
[Date "2022.09.01"]
[Round "4.4"]
[White "Rico Carretero, Jose Carlos"]
[Black "Blesa Fernandez, Ignacio"]
[Result "0-1"]
[WhiteElo "1872"]
[BlackElo "1972"]
[PlyCount "66"]
[EventDate "2022.08.30"]
[EventType "swiss"]
[EventRounds "7"]
[EventCountry "ESP"]
[SourceTitle "EXT 2024"]
[Source "ChessBase"]
[SourceDate "2023.10.10"]
[SourceVersion "1"]
[SourceVersionDate "2023.10.10"]
[SourceQuality "1"]

1. c4 c5 2. Nc3 Nc6 3. g3 g6 4. Bg2 Bg7 5. e4 e5 6. Nge2 Nge7 7. 0-0 d6 8. d3 0-0 9. Rb1 Be6 10. h3 Qd7 11. Kh2 f5 12. Nd5 Rab8 13. a3 b5 14. cxb5 Rxb5 15. Qa4 Rbb8 16. Bg5 Rf7 17. Nec3 h6 18. Be3 f4 19. gxf4 exf4 20. Bxf4 Rxf4 21. Nxf4 Be5 22. Ncd5 Rf8 23. Rbe1 Bxd5 24. exd5 Rxf4 25. Qd1 Nd4 26. Kg1 Qf5 27. Re3 Qf7 28. Rg3 Nef5 29. Rg4 Nh4 30. f3 h5 31. Rxf4 Qxf4 32. Rf2 Ndf5 33. Kf1 Ne3+ 0-1

[Event "La Roda op 45th"]
[Site "La Roda"]
[Date "2018.03.28"]
[Round "1"]
[White "Oratovsky, Michael"]
[Black "Blesa Fernandez, Ignacio"]
[Result "1-0"]
[WhiteElo "2445"]
[BlackElo "1965"]
[PlyCount "115"]
[EventDate "2018.03.28"]
[EventType "swiss"]
[EventRounds "9"]
[EventCountry "ESP"]
[SourceTitle "CBM 183 Extra"]
[Source "ChessBase"]
[SourceDate "2018.04.19"]
[SourceVersion "1"]
[SourceVersionDate "2018.04.19"]
[SourceQuality "1"]

1. e4 c5 2. Nf3 e6 3. g3 a6 4. Bg2 b6 5. 0-0 Bb7 6. Re1 d6 7. d4 cxd4 8. Nxd4 Qc7 9. b3 Nf6 10. Bb2 Be7 11. c4 0-0 12. Nc3 Nbd7 13. f4 Rac8 14. Rc1 Qb8 15. e5 Ne8 16. exd6 Nxd6 17. Nd5 Bd8 18. Nxe6 fxe6 19. Rxe6 Nc5 20. Ne7+ Bxe7 21. Rxe7 Rf7 22. Rxf7 Nxf7 23. Qg4 g6 24. f5 Ne5 25. Bxe5 Qxe5 26. Bxb7 Nxb7 27. fxg6 Qc5+ 28. Kg2 Qc6+ 29. Kg1 hxg6 30. Rd1 Rf8 31. Re1 Qf6 32. Qe6+ Kg7 33. Qxf6+ Kxf6 34. Kf2 Nc5 35. Rd1 Re8 36. h4 Re6 37. Kf3 a5 38. g4 Ne4 39. Rd4 Nd6 40. Rd5 Nf7 41. Kf4 Ke7 42. c5 Rf6+ 43. Ke4 b5 44. h5 gxh5 45. gxh5 Rf2 46. c6 Rc2 47. Rxb5 Rxc6 48. Rxa5 Ke6 49. Kd4 Nd6 50. Re5+ Kf6 51. Kd5 Ra6 52. Re6+ Kf7 53. Rxd6 Rxa2 54. b4 Rb2 55. Kc5 Ke7 56. Rg6 Kd7 57. Rg7+ Ke6 58. h6 1-0

[Event "ESP-chT Regional U14"]
[Site "Padron"]
[Date "2017.06.22"]
[Round "2.2"]
[White "Clemente Chen, Alfredo"]
[Black "Blesa Fernandez, Ignacio"]
[Result "0-1"]
[WhiteElo "1870"]
[BlackElo "1759"]
[PlyCount "94"]
[EventDate "2017.06.22"]
[EventType "team"]
[EventRounds "6"]
[EventCountry "ESP"]
[SourceTitle "EXT 2018"]
[Source "ChessBase"]
[SourceDate "2017.10.13"]
[SourceVersion "1"]
[SourceVersionDate "2017.10.13"]
[SourceQuality "1"]
[WhiteTeam "Andalucia (U14)"]
[BlackTeam "Murcia U14"]
[WhiteTeamCountry "ESP"]
[BlackTeamCountry "ESP"]

1. e4 c5 2. Nf3 e6 3. d3 a6 4. g3 b5 5. Bg2 Bb7 6. 0-0 d6 7. Re1 Nf6 8. a4 Nbd7 9. Nbd2 Be7 10. c3 0-0 11. Qe2 Qc7 12. b3 Rfe8 13. Bb2 Bc6 14. d4 bxa4 15. bxa4 Qb7 16. Ba3 Rab8 17. e5 dxe5 18. dxe5 Nd5 19. Ne4 Bxa4 20. h4 Qc7 21. Qd3 h6 22. c4 Nb4 23. Bxb4 Rxb4 24. g4 Rd8 25. Qc3 Rb3 26. Qc1 Rxf3 27. Bxf3 Nxe5 28. Qf4 Nxf3+ 29. Qxf3 Bc6 30. Rxa6 Bxe4 31. Qxe4 Bxh4 32. Ra8 Rxa8 33. Qxa8+ Qd8 34. Qf3 Bf6 35. Rd1 Bd4 36. Kg2 Qf6 37. Qe2 Qe5 38. Qf3 Qf6 39. Qe2 e5 40. Rb1 Qg6 41. Rb8+ Kh7 42. Rb3 f5 43. Rg3 f4 44. Rh3 e4 45. Qd2 Qxg4+ 46. Kh2 f3 47. Rg3 Be5 0-1

[Event "ESP-ch U14"]
[Site "Granada"]
[Date "2016.07.11"]
[Round "2"]
[White "Blesa Fernandez, Ignacio"]
[Black "Gines Esteo, Pedro Antonio"]
[Result "0-1"]
[WhiteElo "1771"]
[BlackElo "2210"]
[PlyCount "68"]
[EventDate "2016.07.11"]
[EventType "swiss"]
[EventRounds "9"]
[EventCountry "ESP"]
[SourceTitle "EXT 2024"]
[Source "ChessBase"]
[SourceDate "2023.10.10"]
[SourceVersion "1"]
[SourceVersionDate "2023.10.10"]
[SourceQuality "1"]

1. e4 d6 2. d4 Nf6 3. Nc3 e5 4. Nf3 Nbd7 5. Bc4 Be7 6. 0-0 0-0 7. h3 c6 8. Bb3 b5 9. dxe5 dxe5 10. Re1 Qc7 11. Nb1 Nc5 12. Nbd2 Rd8 13. Qe2 a5 14. a3 Nxb3 15. Nxb3 Be6 16. Nbd2 Nd7 17. b3 a4 18. b4 c5 19. c3 Qc6 20. Bb2 f6 21. Red1 Nb6 22. Qe3 Nc4 23. Nxc4 Bxc4 24. Nd2 Rd3 25. Qe1 Be6 26. Nf1 Rad8 27. Rd2 Rxd2 28. Nxd2 Qd7 29. Nf1 Qd3 30. f3 Qc2 31. Bc1 Rd1 32. Qe3 Bc4 33. bxc5 Rxf1+ 34. Kh2 Rf2 0-1